00290nam a2200121Ia 4500003000400000008004100004040001600045082001800061245003300079260004000112300001100152490000500163GCL140319s9999 xx 000 0 ara d aGCL / cGCL04a811.61bم د10aديوان ابن معتوق a[S.N] : bدار صادر ، c1885 a239 ص a